000 00349nam a22001457a 4500
005 20251108175806.0
008 250721s2002 xx 000 0 eng d
082 1 4 _a332.17/TRA
245 1 0 _atrade finance fraud /
264 _bICC COMMERCIAL CRIME SERVICES,
_c2002.
300 _a82P.
650 1 7 _aBANKS
942 _2ddc
_cBK
999 _c142521
_d142521